000 01490nam a22003857a 4500
003 CHAP
005 20220329140305.0
008 971013s1982 r 00010 d
010 _a49838
011 _a50810
035 _a54960
040 _cCHAP
082 _a635.64
_bV5Y
100 0 0 _aVillarreal, Rubén L.
_9119672
245 _aTomates
260 _aSan José. C.R. :
_bInstituto Interamericano de Cooperación para la Agricultura,
_c1982
300 _a184 p.
_b: ilus.
490 _aInvestigación y desarrollo
_v; 6
590 _aBATCH-UPD
_b10
_c20130110
_lUCH01
_h0501
590 _aBATCH-UPD
_b10
_c20130110
_lUCH01
_h2147
590 _aBATCH-UPD
_b10
_c20130410
_lUCH01
_h0139
590 _aBATCH-UPD
_b10
_c20130914
_lUCH01
_h1654
590 _aCONVERSION
_b10
_c20130109
_lUCH01
_h1327
650 1 4 _aTomate.
_9113672
830 0 _aInvestigación y desarrollo
_v; 6
_960255
901 _aBK
942 _cLIBRO
949 _a635.64 V5Y
_bBC
_cLIBRO
_d-120941
_eLIBRO
_fc.6
_h68696
_i54960
_si
949 _a635.64 V5Y
_bBC
_cLIBRO
_d-120942
_eLIBRO
_fc.7
_h68953
_i54960
_si
949 _a635.64 V5Y
_bBC
_cLIBRO
_d33724000658811
_eLIBRO
_fc.4
_h68694
_i54960
_si
949 _a635.64 V5Y
_bBC
_cLIBRO
_d33724000663050
_eLIBRO
_fc.5
_h68695
_i54960
_si
949 _a635.64 V5Y
_bBC
_cLIBRO
_d33724000767505
_eLIBRO
_fc.3
_h68693
_i54960
_si
949 _a635.64 V5Y
_bBC
_cLIBRO
_d33724000790937
_eLIBRO
_fc.2
_h68677
_i54960
_so
949 _a635.64 V5Y
_bBC
_cLIBRO
_d33724000942611
_eLIBRO
_gI.130471
_h67977
_i54960
_si
999 _c49838
_d49838